Les 10 meilleurs milieux offensifs ALL TIME - Statistiques

Statistiques générales
  • Ce quiz a été pris 217 fois
  • Le résultat moyen est 4 sur 10
Statistiques - réponses
Joueurs % Correct
3. Zidane
98%
1. Maradona
67%
2. Pele
56%
7. De Bruyne
45%
6. Kaka
44%
5. Platini
40%
4. Cruyff
37%
10. Griezmann
26%
8. Zico
18%
9. Robinho
2%
Aucun quiz correspondant
Distribution des résultats
% des personnes avec chaque résultat
Percentile par nombre de réponses
Votre historique - résultats
Vous n’avez pas pris ce quiz